| 000 | 01276nam a2200277 4500 | ||
|---|---|---|---|
| 001 | 0000023585 | ||
| 003 | CO-CtgCURN | ||
| 005 | 20251015220515.0 | ||
| 008 | 160627s2011 000 0 eng d | ||
| 020 | _a9789586539173 | ||
| 040 |
_aCO-CtgCURN _bspa _ccoctgcurn |
||
| 082 | 0 |
_a347.753 _bAl48 |
|
| 100 | 1 | _aAljure Salame, Antonio. | |
| 245 | 1 | 3 |
_aEl contrato internacional / _cAntonio Aljure Salame. |
| 260 |
_aBogotá : _bLegis, _c2011. |
||
| 300 | _a340 p.In. | ||
| 336 | _2rdacontent | ||
| 337 |
_2rdamedia _asin mediacion _bn |
||
| 338 |
_2rdacarrier _avolumen _bnc |
||
| 504 | _aIncluye indice bibliografico (p.337-340) | ||
| 505 | 8 | _aContrato internacional en los trtados internacioales y en los sistemas juridicos.--Tratados y contratos internacionales.--Distincion entre tratados y contratos internacionales.--La forma.--Interpretacion.--Ley aplicable.--El conflicto de leyes en el common law. the proper law.--Clausula de uso comun en los contratos internacionales.--Validez.--Jurisdicción.--El contrato internacional y el arbitraje internacional de inversion | |
| 650 | 0 |
_aDerecho internacional _vlegislacion. |
|
| 908 | _a160627 | ||
| 942 |
_cBK _h347.753 _iAl48 _2ddc |
||
| 999 |
_c50174 _d50174 _x1 |
||